00326nam a2200109Ia 4500008004100000020001800041082001500059100003300074245005400107260004200161300001300203191014s9999 xx 000 0 und d a0-7506-2634-8 a537.6bLAN aL.D. Landau, E.M. Lifeshitz  0aElectrodynamics of Continuous Media 2nd ed. Vol.8 aNoida bGopsons Papers Limited c1988 aXiii,460